Pražské motivy /

Hlavní autor: Urbanová, Marta, 1939-2024
Další autoři: Pojmanová, Ivana, Martinková, Věra, 1948-
Jazyk: Čeština
Vydáno: Dobřejovice : Alfa-Omega, 2009
Vydání: 1. vyd.
Edice: Bibliofilie (Alfa-Omega)
Témata:
Fyzický popis: 27 s. : il. ; 22 cm + 1 grafický l.
Knihy
Uloženo v:
LEADER 01271nam a2200373 a 4500
001 nkc20092012611
003 CZ PrNK
005 20100305104623.0
007 ta
008 091126s2009 xr a g 000 p cze
015 |a cnb002012611 
020 |a 978-80-7389-035-3  |q (brož.) 
035 |a (OCoLC)505914940 
040 |a BOA001  |b cze 
072 7 |a 821.162.3-1  |x Česká poezie  |2 Konspekt  |9 25 
080 |a 821.162.3-1  |2 MRF 
080 |a (0:82-1)  |2 MRF 
100 1 |a Urbanová, Marta,  |d 1939-2024  |7 jk01140894  |4 aut 
245 1 0 |a Pražské motivy /  |c Marta Urbanová ; [ilustrace Ivana Pojmanová ; grafická úprava, redakce Věra Martinková] 
250 |a 1. vyd. 
260 |a Dobřejovice :  |b Alfa-Omega,  |c 2009 
300 |a 27 s. :  |b il. ;  |c 22 cm +  |e 1 grafický l. 
490 1 |a Bibliofilie ;  |v 131 
500 |a 100 výt. 
655 7 |a česká poezie  |7 fd133958  |2 czenas 
655 9 |a Czech poetry  |2 eczenas 
700 1 |a Pojmanová, Ivana  |7 mzk2009533976  |4 ill 
700 1 |a Martinková, Věra,  |d 1948-  |7 jn20000401743  |4 bkd  |4 red 
830 0 |a Bibliofilie (Alfa-Omega)  |0 s 
910 2 |a BOA001  |b 2-1233.464 
990 |a BK 
995 |a 01 
991 |b 200912 
996 6 |b 2610404631  |c 2-1233.464  |l MZK  |r Sklad / do 1 hodiny  |n 1  |p p.v.  |w 001098962  |u 000010  |a 1  |e BOA001  |j MZK50  |s P